000 01371nam a2200361 i 4500
003 EG-GICUC
005 20260121101506.0
008 251215s2019 ua ||||fr|||| 000 0 ara d
017 _b2019/14348
020 _a978-977-04-8972-7
040 _a EG-GICUC
_bara
_c EG-GICUC
_d EG-GICUC
_erda
041 _aara
082 0 4 _221
_a343.46
_bج م . ع
092 0 4 _221
099 _aLaw1 10 343.46 ج م . ع 1 ed 2019
100 0 _aجمال صالح عبدالحليم
_eمؤلف.
245 1 0 _aعلانية جرائم الإنترنت الاخلأقية /
_cجمال صالح عبدالحليم.
250 _aالطبعة الاولى
264 1 _aالقاهرة :
_bدار الهضة العربية،
_c2019.
300 _a182 صفحة ؛
_c24 سم
336 _2rda content
_atext
337 _2rda media
_aComputer
338 _2rda carrier
_aOnline Resource
504 _a. 180-159ببليوجرافيا: صفحات.
546 _aالنص أغلبه باللغة العربية مع بعض النصوص الإنجليزية
650 1 4 _aالتشريعات المتعلقة بتقنية المعلومات
_2qrmak
650 1 4 _aاركان الجريمة
_2qrmak
650 1 4 _aالفعل الفاضح
_2qrmak
651 1 _2qrmak
856 4 0 _uhttps://fll.law.cu.edu.eg/fulltext/bks/B10-07027.pdf
905 _a79
_eHassnaa
942 _2ddc
_cBK
_e21
_n0
999 _c50661
_d50661